000 01136cam a22003014a 4500
999 _c330918
_d330918
001 15660806
003 NUST
005 20180117090028.0
008 090316s2009 enk b 001 0 eng
010 _a 2009010747
020 _a9780521887786 (hbk.)
040 _aDLC
_cDLC
050 0 0 _aBF698
_b.M3434 2009
082 _a155.232 MAT
100 1 _aMatthews, Gerald.
_94109
245 1 0 _aPersonality traits /
_cGerald Matthews, Ian J. Deary, Martha C. Whiteman.
250 _a3rd ed.
260 _aCambridge ;
_aNew York :
_bCambridge University Press,
_cc2009.
300 _axxxii, 568 p. :
_bill. ;
_c26 cm.
504 _aIncludes bibliographical references and index.
650 0 _aPersonality.
_94110
700 1 _aDeary, Ian J.
_94111
700 1 _aWhiteman, Martha C.
_94112
906 _a7
_bcbc
_corignew
_d1
_eecip
_f20
_gy-gencatlg
942 _2ddc
_cBK